Statistics for Guess the footballer born in the year 1997

Click here to take the quiz!

General Stats

  • This quiz has been taken 20 times
  • The average score is 8 of 16

Answer Stats

Answer% Correct
Ruben Dias
94%
Fikayo Tomori
81%
Ruben Neves
81%
Tammy Abraham
75%
Federico Chiesa
69%
Christopher Nkunku
56%
Dominic Solanke
50%
Mikel Oyarzabal
50%
Kyle Walker-Peters
44%
Dean Henderson
38%
Sean Longstaff
38%
Harry Wilson
31%
Ismaël Bennacer
31%
Arnaut Danjuma
19%
Taiwo Awoniyi
19%
Daniel Iversen
0%

Score Distribution

Percentile by Number Answered

Percent of People with Each Score

Your Score History

You have not taken this quiz